| 000 | 00823nam a2200217 a 4500 | ||
|---|---|---|---|
| 001 | 000024439 | ||
| 005 | 20200930023156.0 | ||
| 008 | 110127s1995 sp abc r 001 0 spa d | ||
| 020 | _a8420694509 | ||
| 040 |
_aDO-SdBNP _bspa _cBNPHU |
||
| 082 |
_axxxxxx _bA469s |
||
| 110 | 1 |
_aAlto Comisionado de las Naciones Unidas para los Refugiados (ACNUR) _950104 |
|
| 245 | 1 | 3 |
_aLa situación de los refugiados en el mundo 1995 : _ben busca de soluciones / _ctraducción Carmen Torrente Martínez. |
| 260 |
_aMadrid : _bAlianza, _c1995. |
||
| 300 |
_a266 p. : _bil., mapas., retrs. ; _c25 cm. |
||
| 500 | _aIncluye bibliografía p. [259-263]. | ||
| 500 | _aIncluye índice de países en orden alfabético. | ||
| 700 | 1 |
_aTorrente Martínez, Carmen, _etr. _950105 |
|
| 710 | 1 |
_aMinisterio de Asuntos Sociales _950106 |
|
| 049 | _aBNGR | ||
| 999 |
_c23932 _d23932 |
||